| 000 | 00805cam a2200253 4500 | ||
|---|---|---|---|
| 001 | J3512 | ||
| 008 | 090401t1995 xxu||||| |||| 00| 0 eng d | ||
| 035 | _a(Sirsi) u55527 | ||
| 041 | _aeng | ||
| 050 | _a690.3 | ||
| 110 |
_aUnited Kingdom _bDepartment of the Environment _9982 |
||
| 245 | _aConstructing quality : a strategy for quality in construction ... consultation document. | ||
| 260 |
_aLondon _bDepartment of the Environment _c1995 |
||
| 300 | _a47p. ; 30cm. | ||
| 350 | _a0 | ||
| 520 | _aComments to be sent to the DoE by 29 February 1996. | ||
| 650 | _aCONSTRUCTING QUALITY | ||
| 650 | _aCONSTRUCTION INDUSTRY | ||
| 650 | _aCONSULTATION PAPERS | ||
| 650 | _aQUALITY ASSURANCE | ||
| 690 | _aMANAGEMENT-BUSINESS MANAGEMENT-PROFESSIONAL PRACTICE | ||
| 942 | _n0 | ||
| 948 | _c04/03/1997 | ||
| 999 |
_c93623 _d93623 |
||